[Event "V Sarkany-Aranytiz IM"]
[Site "Budapest HUN"]
[Date "2014.08.16"]
[Round "1.1"]
[White "Juhasz, Kristof"]
[Black "Lyell, Mark"]
[Result "1-0"]
[WhiteTitle "FM"]
[BlackTitle "FM"]
[WhiteElo "2348"]
[BlackElo "2202"]
[WhiteFideId "738808"]
[BlackFideId "402354"]
[EventDate "2014.08.16"]

1. Nf3 f5 2. g3 Nf6 3. Bg2 e6 4. O-O Be7 5. c4 O-O 6. d4 d5 7. b3 Bd7 8. Ba3
Bxa3 9. Nxa3 Qe7 10. Nc2 Be8 11. Nce1 Nbd7 12. Qc2 c6 13. Nd3 h6 14. Nfe5 Nxe5
15. Nxe5 Nd7 16. Nd3 g5 17. e3 Bg6 18. f4 Kg7 19. Qd2 g4 20. Qb4 Qxb4 21. Nxb4
h5 22. Rfc1 Rae8 23. Nd3 h4 24. b4 Bf7 25. c5 Nf6 26. a4 Re7 27. b5 Be8 28. Rcb1
Rh8 29. Ne5 Ne4 30. Bxe4 dxe4 31. b6 axb6 32. cxb6 Kf6 33. Kg2 Reh7 34. Rh1 hxg3
35. hxg3 Rxh1 36. Rxh1 Rxh1 37. Kxh1 Ke7 38. Nc4 Bd7 39. a5 Kd8 40. Kg1 Bc8 41.
Kf2 Kd7 42. Ke1 c5 43. dxc5 Kc6 44. Nd6 Bd7 45. Kd2 Kxc5 46. Nxb7+ Kc6 47. Nd8+ 1-0

[Event "V Sarkany-Aranytiz IM"]
[Site "Budapest HUN"]
[Date "2014.08.16"]
[Round "1.2"]
[White "Feher, Adam"]
[Black "Gumanny, Evgeny"]
[Result "1-0"]
[WhiteElo "2365"]
[BlackElo "2166"]
[WhiteFideId "739081"]
[BlackFideId "2811995"]
[EventDate "2014.08.16"]

1. e4 c5 2. Nf3 d6 3. c3 Nf6 4. Be2 Nc6 5. d3 g6 6. O-O Bg7 7. Re1 O-O 8. Nbd2
Bg4 9. h3 Bxf3 10. Nxf3 h6 11. Bf1 Rb8 12. a4 a6 13. g3 b5 14. d4 c4 15. e5 dxe5
16. Nxe5 Nxe5 17. dxe5 Qxd1 18. Rxd1 Ne4 19. axb5 axb5 20. Be3 Bxe5 21. Bxh6 Nd6
22. Bxf8 Kxf8 23. Ra5 Bf6 24. Rda1 Ke8 25. Bg2 Kd8 26. Kf1 b4 27. Ra8 Rxa8 28.
Rxa8+ Kc7 29. cxb4 Bxb2 30. Ke2 Bd4 31. h4 e6 32. g4 f5 33. h5 gxh5 34. gxh5 Nf7
35. Ra6 Bb6 36. b5 Nh6 37. Ra4 Bc5 38. Rxc4 Kd6 39. b6 1-0

[Event "V Sarkany-Aranytiz IM"]
[Site "Budapest HUN"]
[Date "2014.08.16"]
[Round "1.3"]
[White "Kovacs, Istvan2"]
[Black "Farago, Sandor"]
[Result "0-1"]
[BlackTitle "IM"]
[WhiteElo "2209"]
[BlackElo "2250"]
[WhiteFideId "701890"]
[BlackFideId "701190"]
[EventDate "2014.08.16"]

1. c4 Nf6 2. g3 c6 3. Bg2 d5 4. Nf3 dxc4 5. O-O Nbd7 6. Qc2 Nb6 7. Na3 Be6 8.
Ng5 Bg4 9. Nxc4 Bxe2 10. Ne5 Bh5 11. b4 Rc8 12. Qb3 Nbd5 13. b5 e6 14. Qa4 Bc5
15. bxc6 bxc6 16. Bb2 h6 17. Ngf3 Bxf3 18. Bxf3 O-O 19. Rac1 Qb6 20. Ba1 Qb5 21.
Qc2 Ba3 22. Rb1 Qa6 23. d4 c5 24. dxc5 Rxc5 25. Qd2 Qc8 26. Qd3 Bb4 27. Bd4 Rc7
28. Nxf7 Rcxf7 29. Bxf6 Rxf6 30. Bxd5 Bc5 31. Be4 Rxf2 32. Rxf2 Rxf2 33. Kh1 Bb6
34. a4 Qe8 35. Qd6 Qf7 36. Bg2 Qf5 37. Re1 Rxg2 0-1

[Event "V Sarkany-Aranytiz IM"]
[Site "Budapest HUN"]
[Date "2014.08.16"]
[Round "1.4"]
[White "Jovanovic, Dusan D"]
[Black "Musaev, Rasul"]
[Result "1/2-1/2"]
[WhiteTitle "IM"]
[BlackTitle "FM"]
[WhiteElo "2412"]
[BlackElo "2292"]
[WhiteFideId "928364"]
[BlackFideId "24146870"]
[EventDate "2014.08.16"]

1. Nf3 Nf6 2. c4 e6 3. Nc3 d5 4. d4 dxc4 5. e3 a6 6. a4 c5 7. Bxc4 Nc6 8. O-O
Be7 9. Qe2 cxd4 10. Rd1 e5 11. exd4 exd4 12. Nxd4 Nxd4 13. Qe5 Qd6 14. Qxd6 Bxd6
15. Rxd4 Be5 16. Rd1 O-O 17. Bg5 h6 18. Bh4 Bf5 19. Bg3 1/2-1/2

[Event "V Sarkany-Aranytiz IM"]
[Site "Budapest HUN"]
[Date "2014.08.16"]
[Round "1.5"]
[White "Galyas, Miklos"]
[Black "Juhasz, Armin"]
[Result "1-0"]
[WhiteTitle "IM"]
[WhiteElo "2427"]
[BlackElo "2254"]
[WhiteFideId "707244"]
[BlackFideId "724270"]
[EventDate "2014.08.16"]

1. c4 c5 2. g3 g6 3. Bg2 Bg7 4. Nc3 Nf6 5. d3 O-O 6. Bf4 Nc6 7. Qd2 d6 8. Bh6
Bd7 9. Bxg7 Kxg7 10. Nh3 Qc8 11. Nf4 e5 12. Nfd5 Bh3 13. O-O Bxg2 14. Kxg2 Nxd5
15. cxd5 Ne7 16. f4 f6 17. fxe5 dxe5 18. e4 Qd7 19. Nd1 Nc8 20. Rc1 b6 21. b4
cxb4 22. Qxb4 Nd6 23. Rc6 Rad8 24. Ne3 Rf7 25. h3 f5 26. Qb2 Qe7 27. Nc4 Nxc4
28. Rxc4 Kg8 29. Rc6 f4 30. Re6 Qg5 31. Rf3 fxg3 32. Rxe5 Qh6 33. Rxf7 Kxf7 34.
Re6 Kg8 35. d6 Rf8 36. Rf6 Rxf6 37. Qxf6 Qd2+ 38. Kxg3 Qxd3+ 39. Kf4 Qf1+ 40.
Ke5 Qxh3 41. Qe6+ Qxe6+ 42. Kxe6 1-0

[Event "V Sarkany-Aranytiz IM"]
[Site "Budapest HUN"]
[Date "2014.08.17"]
[Round "2.1"]
[White "Lyell, Mark"]
[Black "Juhasz, Armin"]
[Result "1/2-1/2"]
[WhiteTitle "FM"]
[WhiteElo "2202"]
[BlackElo "2254"]
[WhiteFideId "402354"]
[BlackFideId "724270"]
[EventDate "2014.08.16"]

1. e4 d5 2. exd5 Qxd5 3. Nf3 Bg4 4. Be2 Nc6 5. d4 O-O-O 6. c4 Qf5 7. Be3 Bxf3 8.
Bxf3 Nxd4 9. Bxd4 Qe6+ 10. Be2 Qe4 11. O-O Qxd4 12. Qa4 e6 13. Nc3 Qb6 14. b4
Qxb4 15. Qxa7 Bc5 16. Qa8+ Kd7 17. Rfd1+ Bd6 18. Qa7 Qxc3 19. c5 Ke7 20. cxd6+
Rxd6 21. Rxd6 cxd6 22. Rb1 Nh6 23. Rxb7+ Kf6 24. Rc7 Qe5 25. Bf1 Qd5 26. Bc4
Qd1+ 27. Bf1 Qd5 28. Bc4 Qd1+ 29. Bf1 1/2-1/2

[Event "V Sarkany-Aranytiz IM"]
[Site "Budapest HUN"]
[Date "2014.08.17"]
[Round "2.2"]
[White "Gumanny, Evgeny"]
[Black "Kovacs, Istvan2"]
[Result "1/2-1/2"]
[WhiteElo "2166"]
[BlackElo "2209"]
[WhiteFideId "2811995"]
[BlackFideId "701890"]
[EventDate "2014.08.16"]

1. d4 Nf6 2. Nf3 e6 3. Bg5 d5 4. c4 Be7 5. Nc3 O-O 6. cxd5 exd5 7. Qc2 Nbd7 8.
e3 Re8 9. Bd3 c6 10. h3 Nf8 11. Bf4 Ng6 12. Bh2 Bd6 13. Bxd6 Qxd6 14. O-O-O Re7
15. Kb1 Bd7 16. Rc1 Rae8 17. Nd2 a6 18. Na4 Ne4 19. Bxe4 dxe4 20. Nc5 Qd5 21.
Nc4 Bc8 22. g3 Qd8 23. Qb3 Nf8 24. Qb6 Qd5 25. Na5 Ne6 26. h4 h6 27. Rhd1 Qf5
28. Rd2 g5 29. hxg5 hxg5 30. Nxe6 Qxe6 31. Rc5 f6 32. Rdc2 Kg7 33. b3 Qg4 34.
Kb2 Be6 35. Nxc6 bxc6 36. Rxc6 Bf7 37. Qxa6 Qf5 38. Rc8 Ra7 39. Qxa7 Rxc8 40.
Rxc8 Qxc8 41. Qc5 Qa6 42. Qc2 Bd5 43. a4 Kf7 44. b4 Ke6 45. b5 Qa5 46. Ka3 Kd7
47. Qc5 Ke6 48. b6 Qd2 49. Qc8+ Ke7 50. Qc5+ Ke6 51. Qc8+ Ke7 52. Qc7+ Ke6 53.
Qc8+ 1/2-1/2

[Event "V Sarkany-Aranytiz IM"]
[Site "Budapest HUN"]
[Date "2014.08.17"]
[Round "2.3"]
[White "Farago, Sandor"]
[Black "Jovanovic, Dusan D"]
[Result "1-0"]
[WhiteTitle "IM"]
[BlackTitle "IM"]
[WhiteElo "2250"]
[BlackElo "2412"]
[WhiteFideId "701190"]
[BlackFideId "928364"]
[EventDate "2014.08.16"]

1. e4 e5 2. Nf3 Nc6 3. Bb5 a6 4. Ba4 d6 5. c3 Bd7 6. O-O g6 7. d4 Bg7 8. Bg5 f6
9. Bh4 Nh6 10. dxe5 dxe5 11. Nbd2 Nf7 12. Bb3 O-O 13. Nc4 Qe8 14. Ne3 Ne7 15.
Qc2 Kh8 16. Rad1 Nd6 17. Rfe1 Bc6 18. Nd5 Bxd5 19. Bxd5 Rd8 20. Be6 g5 21. Bg3
Qc6 22. Bb3 b5 23. h4 g4 24. Nh2 h5 25. Nf1 Bh6 26. Qe2 Nc4 27. Kh1 Rd6 28. f3
Rg8 29. Qf2 Rxd1 30. Bxd1 Ng6 31. fxg4 hxg4 32. b3 Nb6 33. Bxg4 Nf4 34. Qf3 Qe8
35. Bf5 Nc8 36. Bxf4 exf4 37. Bxc8 Qxc8 38. Qh5 Kh7 39. Nh2 Qe6 40. Qf5+ Qxf5
41. exf5 f3 42. Re7+ Kh8 43. Nxf3 Bf4 44. Re4 Bg3 45. Kg1 Rd8 46. Rd4 Re8 47.
Rg4 Bd6 48. Kf2 Bc5+ 49. Nd4 Re5 50. Rf4 Bb6 51. Kf3 Rc5 52. Ne2 Re5 53. Nd4 Rc5
54. Ne2 Re5 55. Ng3 Re3+ 56. Kg4 Rxc3 57. Nh5 Rc2 58. g3 Rxa2 59. Re4 Kg8 60.
Nxf6+ Kf7 61. Nd5 Ra3 62. Re7+ Kf8 63. f6 Bd4 64. Rxc7 Rxb3 65. Rd7 a5 66. h5 a4
67. h6 Kg8 68. h7+ Kh8 69. Nf4 1-0

[Event "V Sarkany-Aranytiz IM"]
[Site "Budapest HUN"]
[Date "2014.08.17"]
[Round "2.4"]
[White "Musaev, Rasul"]
[Black "Galyas, Miklos"]
[Result "1/2-1/2"]
[WhiteTitle "FM"]
[BlackTitle "IM"]
[WhiteElo "2292"]
[BlackElo "2427"]
[WhiteFideId "24146870"]
[BlackFideId "707244"]
[EventDate "2014.08.16"]

1. e4 e6 2. d4 d5 3. Nc3 Bb4 4. e5 c5 5. a3 Bxc3+ 6. bxc3 Qa5 7. Bd2 Qa4 8. h4
Nc6 9. h5 h6 10. Nf3 Nge7 11. Rh4 c4 12. Rg4 Rg8 13. Rf4 Bd7 14. g4 Rf8 15. g5
hxg5 16. Nxg5 Nf5 17. Rxf5 exf5 18. h6 gxh6 19. Nh7 O-O-O 20. Nxf8 Rxf8 21. Bg2
Be6 22. Bxh6 Rg8 23. Kf1 Qa5 24. Bd2 Qd8 25. Qh5 Qa5 26. Qd1 Qd8 1/2-1/2

[Event "V Sarkany-Aranytiz IM"]
[Site "Budapest HUN"]
[Date "2014.08.17"]
[Round "2.5"]
[White "Juhasz, Kristof"]
[Black "Feher, Adam"]
[Result "1/2-1/2"]
[WhiteTitle "FM"]
[WhiteElo "2348"]
[BlackElo "2365"]
[WhiteFideId "738808"]
[BlackFideId "739081"]
[EventDate "2014.08.16"]

1. c4 c6 2. Nf3 Nf6 3. d4 d5 4. Nbd2 Bf5 5. Nh4 Be4 6. e3 e6 7. Be2 Nbd7 8. O-O
Bd6 9. b3 Qc7 10. Nhf3 O-O 11. Bb2 Bg6 12. Rc1 h6 1/2-1/2

[Event "V Sarkany-Aranytiz IM"]
[Site "Budapest HUN"]
[Date "2014.08.18"]
[Round "3.1"]
[White "Feher, Adam"]
[Black "Lyell, Mark"]
[Result "1-0"]
[BlackTitle "FM"]
[WhiteElo "2365"]
[BlackElo "2202"]
[WhiteFideId "739081"]
[BlackFideId "402354"]
[EventDate "2014.08.16"]

1. e4 e5 2. Nf3 Nc6 3. Nc3 Nf6 4. Bb5 Bc5 5. d3 d6 6. h3 a6 7. Bxc6+ bxc6 8. Ne2
Rb8 9. b3 Be6 10. Ng3 h6 11. Be3 Bb4+ 12. Bd2 Bc5 13. c3 Bb6 14. Qe2 a5 15. Be3
O-O 16. O-O Nd7 17. d4 exd4 18. cxd4 d5 19. Rac1 dxe4 20. Nxe4 Bd5 21. Nc3 Re8
22. Nxd5 cxd5 23. Qc2 Qf6 24. Qd3 Qd6 25. Rc2 a4 26. Rfc1 axb3 27. axb3 Re6 28.
Rc6 Qe7 29. Qf5 Rxc6 30. Rxc6 Nf8 31. Qxd5 Ne6 32. Qe5 Qd7 33. Rc2 Ra8 34. Qe4
Ra1+ 35. Kh2 Rd1 36. Ne5 Qe7 37. Ra2 g6 38. Nxg6 fxg6 39. Qxg6+ Kh8 40. Qxh6+
Kg8 41. Qg6+ 1-0

[Event "V Sarkany-Aranytiz IM"]
[Site "Budapest HUN"]
[Date "2014.08.18"]
[Round "3.2"]
[White "Kovacs, Istvan2"]
[Black "Juhasz, Kristof"]
[Result "0-1"]
[BlackTitle "FM"]
[WhiteElo "2209"]
[BlackElo "2348"]
[WhiteFideId "701890"]
[BlackFideId "738808"]
[EventDate "2014.08.16"]

1. c4 f5 2. g3 Nf6 3. Bg2 e6 4. Nf3 Be7 5. O-O O-O 6. d3 d6 7. Nc3 e5 8. Rb1 Qe8
9. b4 Kh8 10. a4 Qh5 11. Nd5 Nxd5 12. cxd5 Nd7 13. Qc2 Bd8 14. b5 f4 15. Rb4 Nf6
16. Ne1 Bh3 17. Qa2 Ng4 18. f3 Nf6 19. gxf4 exf4 20. Rxf4 Bd7 21. Qc4 Re8 22. e4
g5 23. Rxf6 Bxf6 24. Rf2 Be5 25. Bf1 Rac8 26. Bb2 Qf7 27. Qc1 Qf6 28. Ng2 Rf8
29. Bxe5 dxe5 30. Qb2 Qg7 31. Ne3 Rf4 32. Nc4 Re8 33. Be2 Qf6 34. Rg2 h5 35. Rg3
h4 36. Rg2 Bh3 37. Rf2 g4 38. Bd1 gxf3 0-1

[Event "V Sarkany-Aranytiz IM"]
[Site "Budapest HUN"]
[Date "2014.08.18"]
[Round "3.3"]
[White "Jovanovic, Dusan D"]
[Black "Gumanny, Evgeny"]
[Result "1-0"]
[WhiteTitle "IM"]
[WhiteElo "2412"]
[BlackElo "2166"]
[WhiteFideId "928364"]
[BlackFideId "2811995"]
[EventDate "2014.08.16"]

1. Nf3 c5 2. b3 e6 3. Bb2 Nf6 4. e3 b6 5. Be2 Be7 6. O-O O-O 7. d3 Bb7 8. Nbd2
Nc6 9. Re1 d5 10. c4 dxc4 11. Nxc4 Rc8 12. a3 b5 13. Ncd2 a6 14. Qc2 Qd5 15. Bf1
Nd7 16. Rad1 Rfd8 17. Qb1 Nde5 18. Nxe5 Nxe5 19. Bxe5 Qxe5 20. Rc1 Rd7 21. a4
Rcd8 22. axb5 axb5 23. Rc2 Qd5 24. Rec1 f5 25. Re1 Bd6 26. Nf3 Bb8 27. b4 cxb4
28. Qxb4 Bd6 29. Qb2 b4 30. d4 Qe4 31. Qb3 Bd5 32. Bc4 Bxc4 33. Rxc4 h6 34. Rec1
Kh7 35. Nd2 Qh4 36. g3 Qf6 37. Rc6 e5 38. d5 Qf7 39. e4 Ra8 40. Nc4 Qe7 41. exf5
e4 42. Qb1 Bc5 43. f6 gxf6 44. d6 Bxf2+ 45. Kxf2 Qe6 46. Rc7 Rxc7 47. dxc7 Qf5+
48. Kg1 Qc5+ 49. Kh1 f5 50. Nd6 1-0

[Event "V Sarkany-Aranytiz IM"]
[Site "Budapest HUN"]
[Date "2014.08.18"]
[Round "3.4"]
[White "Galyas, Miklos"]
[Black "Farago, Sandor"]
[Result "0-1"]
[WhiteTitle "IM"]
[BlackTitle "IM"]
[WhiteElo "2427"]
[BlackElo "2250"]
[WhiteFideId "707244"]
[BlackFideId "701190"]
[EventDate "2014.08.16"]

1. d4 d5 2. c4 c6 3. cxd5 cxd5 4. Bf4 Nc6 5. e3 Nf6 6. Nc3 a6 7. Bd3 g6 8. h3
Bg7 9. Nf3 O-O 10. O-O b5 11. Rc1 Bb7 12. Ne5 Rc8 13. Nxc6 Rxc6 14. Qb3 Qb6 15.
a4 b4 16. Na2 a5 17. Bb5 Rcc8 18. Rxc8 Rxc8 19. Rc1 Qd8 20. Qd1 Ne4 21. Rxc8
Qxc8 22. Qc1 Qf5 23. f3 Nd6 24. Qc7 Qb1+ 25. Kh2 Nf5 26. Qxb7 Qxa2 27. Qb8+ Bf8
28. e4 dxe4 29. fxe4 Nxd4 30. Bh6 Ne6 31. Bd7 Ng7 32. Bg5 f6 33. Bf4 Qxb2 34.
Bc6 Nh5 35. Bd5+ Kg7 36. Bc7 e5 37. Qa7 Kh6 38. Bb6 Nf4 39. Bf2 g5 40. Bg8 Bg7
41. Qe3 Kg6 42. Qf3 Bf8 43. Qe3 Qc2 44. Qa7 Bg7 45. Bf7+ Kh6 46. Qe3 Qxa4 47. h4
Qd7 48. hxg5+ Kxg5 49. Bh4+ Kh6 50. Bg3 Qg4 51. Be8 Qg5 52. Qf3 Bf8 53. Bf2 Kg7
54. Be3 Qh4+ 55. Kg1 Ng6 56. Ba4 Qe1+ 57. Kh2 Be7 58. Bb3 Qc3 59. Qh3 h5 60. Bd1
Bc5 61. Qd7+ Ne7 62. Bf2 Kh6 63. Bh4 Qe3 64. Qe8 Ng6 0-1

[Event "V Sarkany-Aranytiz IM"]
[Site "Budapest HUN"]
[Date "2014.08.18"]
[Round "3.5"]
[White "Juhasz, Armin"]
[Black "Musaev, Rasul"]
[Result "1-0"]
[BlackTitle "FM"]
[WhiteElo "2254"]
[BlackElo "2292"]
[WhiteFideId "724270"]
[BlackFideId "24146870"]
[EventDate "2014.08.16"]

1. Nf3 c5 2. c4 Nc6 3. Nc3 e5 4. e3 Nf6 5. Be2 g6 6. O-O Bg7 7. d4 e4 8. Ng5
cxd4 9. exd4 d5 10. cxd5 Nxd5 11. Ngxe4 O-O 12. Bg5 Nxc3 13. bxc3 f6 14. Bf4 g5
15. Be3 Qe7 16. Nc5 Kh8 17. Re1 f5 18. Bf3 Qd8 19. Bc1 Na5 20. Rb1 g4 21. Be2 b6
22. Nd3 Qc7 23. Ba3 Rd8 24. Bb2 Bb7 25. Bf1 Be4 26. Ba1 Rd6 27. g3 Qc6 28. Nb4
Qb7 29. Ba6 Qf7 30. Bd3 Bb7 31. Ba6 Bxa6 32. Nxa6 h5 33. Qe2 Bf6 34. c4 Qxc4 35.
Rb5 Qc8 36. Nb4 Qd7 37. d5 Bxa1 38. Rxa1 a6 39. Qe5+ Kh7 40. Rxa5 bxa5 41. Nc2
Rxd5 42. Qf6 Qg7 43. Qe6 Re5 44. Qc6 Rd8 45. Rf1 Rf8 46. Qxa6 Qf6 47. Qd3 Kg7
48. Ne3 h4 49. Ng2 h3 50. Nf4 Kh7 51. Qc3 Rf7 52. Qb3 Re4 53. Qd5 a4 54. Qc5 Qe5
55. Qc6 Rxf4 56. gxf4 Qxf4 57. Rd1 Qf3 58. Qxf3 gxf3 59. Kf1 Rb7 60. Ke1 Re7+
61. Kf1 Re4 62. Rd3 Rf4 63. Ke1 Kh6 64. Kd2 Kg5 65. Ke3 Rb4 66. Kxf3 Rb2 67. Ra3
Rb4 68. Kg3 Rh4 69. Rc3 Rb4 70. Kxh3 Kf4 71. Kg2 Kg4 72. Rg3+ Kh4 73. h3 Rc4 74.
Rf3 Kg5 75. Kg3 Rb4 76. h4+ Kg6 77. Rf4 Rb1 78. Rxa4 Rg1+ 79. Kf3 Rh1 80. Ra6+
Kf7 81. Kf4 Rh3 82. a4 Kg7 83. a5 Kf7 84. Ra8 Ke6 85. Re8+ Kf6 86. Rf8+ Ke6 87.
Kg5 Rf3 88. a6 1-0

[Event "V Sarkany-Aranytiz IM"]
[Site "Budapest HUN"]
[Date "2014.08.19"]
[Round "4.1"]
[White "Feher, Adam"]
[Black "Kovacs, Istvan2"]
[Result "1/2-1/2"]
[WhiteElo "2365"]
[BlackElo "2209"]
[WhiteFideId "739081"]
[BlackFideId "701890"]
[EventDate "2014.08.16"]
[EventType "tourn"]

1. e4 c5 2. Nf3 d6 3. c3 Nf6 4. Be2 Nbd7 5. d3 g6 6. O-O Bg7 7. Re1 O-O 8. Bf1
e5 9. a3 Rb8 10. b4 b5 11. Nbd2 Qc7 12. Nb3 Re8 13. Be3 Ng4 14. Bd2 Nf8 15. Rc1
Bd7 16. h3 Nf6 17. c4 bxc4 18. dxc4 Ba4 19. Rb1 Ne6 20. Qc1 Bxb3 21. Rxb3 cxb4
22. axb4 Qb7 23. Qc2 Rec8 24. Rbb1 Nd7 25. Ra1 Rc7 26. Qa2 Nb6 27. Rac1 Qc8 28.
Be3 Nd4 29. Nxd4 exd4 30. Bf4 Qe6 31. Qa5 Be5 32. Bd2 Rbc8 33. c5 dxc5 34. bxc5
Nd7 35. Ba6 Rxc5 36. Bxc8 Rxa5 37. Bxa5 Qe7 38. Bxd7 Qxd7 39. Rc5 Qe6 40. Rd5 h5
41. Bb4 Qf6 42. Bd2 Kh7 43. Rf1 Qe7 44. f4 Bc7 45. f5 Be5 46. fxg6+ Kxg6 47. Ra1
f6 48. Kf1 1/2-1/2

[Event "V Sarkany-Aranytiz IM"]
[Site "Budapest HUN"]
[Date "2014.08.19"]
[Round "4.2"]
[White "Farago, Sandor"]
[Black "Juhasz, Armin"]
[Result "0-1"]
[WhiteTitle "IM"]
[WhiteElo "2250"]
[BlackElo "2254"]
[WhiteFideId "701190"]
[BlackFideId "724270"]
[EventDate "2014.08.16"]
[EventType "tourn"]

1. d4 d5 2. c4 dxc4 3. Nc3 a6 4. a4 Nc6 5. Nf3 Nf6 6. e4 Bg4 7. Be3 Bxf3 8. gxf3
e5 9. d5 Na5 10. f4 Bd6 11. f5 Qe7 12. Rg1 Rg8 13. Be2 O-O-O 14. Qc2 Bc5 15. Rg3
Bd4 16. Rd1 Qc5 17. Kf1 Kb8 18. Na2 Qb6 19. Bxd4 exd4 20. Bxc4 Nxe4 21. Qxe4
Nxc4 22. Qc2 Ne5 23. Rb3 Qh6 24. Rxd4 Qxh2 25. Rdb4 Qh1+ 26. Ke2 Qxd5 27. Rxb7+
Ka8 28. Rxc7 Rge8 29. Re3 Nf3 30. Kf1 Kb8 0-1

[Event "V Sarkany-Aranytiz IM"]
[Site "Budapest HUN"]
[Date "2014.08.19"]
[Round "4.3"]
[White "Gumanny, Evgeny"]
[Black "Galyas, Miklos"]
[Result "1/2-1/2"]
[BlackTitle "IM"]
[WhiteElo "2166"]
[BlackElo "2427"]
[WhiteFideId "2811995"]
[BlackFideId "707244"]
[EventDate "2014.08.16"]
[EventType "tourn"]

1. d4 Nf6 2. Nf3 g6 3. c4 Bg7 4. Nc3 O-O 5. e4 d6 6. Be2 Nbd7 7. O-O e5 8. d5
Nc5 9. Qc2 a5 10. Bg5 h6 11. Bh4 Bd7 12. Nd2 Qe8 13. b3 Nh7 14. a3 f5 15. f3 f4
16. b4 Na6 17. Rab1 h5 18. Bf2 b6 19. Rfc1 g5 20. h3 Nf6 21. Kf1 g4 22. hxg4
hxg4 23. fxg4 Bxg4 24. Bf3 Qg6 25. Ke2 Nh5 26. Qd1 Ng3+ 27. Kd3 Bd7 28. Kc2 Bf6
29. Kb3 Kg7 30. Nf1 Bh4 31. Nxg3 Bxg3 32. Bg1 Rh8 33. Qe2 Rh4 34. Nb5 Bh2 35.
Bxh2 Rxh2 36. Rh1 Rah8 37. Rxh2 Rxh2 38. Rb2 Qg3 39. Nc3 Bc8 40. Rc2 Rh1 41. Qf2
Qg6 42. Rb2 Rh2 43. Qf1 Qg3 44. Qg1 Qh4 45. Rb1 Kf7 46. Ne2 Ke7 47. Rf1 Qh6 48.
Nc1 Bd7 49. Nd3 a4+ 50. Kc3 Rh4 51. Qf2 Rh2 52. Qe2 Qg5 53. Ne1 Nb8 54. c5 bxc5
55. bxc5 dxc5 56. Qc4 Qf6 57. Qxc5+ Qd6 58. Nd3 Na6 59. Qxd6+ Kxd6 60. Rb1 Rh8
61. Rb7 Rb8 62. Rxb8 Nxb8 63. Kb4 c6 64. dxc6 Bxc6 65. Nc5 Nd7 66. Nxa4 Bxa4 67.
Kxa4 Kc5 68. Ka5 Nb8 69. Be2 Nc6+ 70. Ka6 Nd4 71. Bf3 Nb3 72. Kb7 Kd4 73. Kc6
Nc5 74. Kd6 Nxe4+ 75. Bxe4 Kxe4 76. a4 Kd4 77. a5 e4 78. a6 f3 1/2-1/2

[Event "V Sarkany-Aranytiz IM"]
[Site "Budapest HUN"]
[Date "2014.08.19"]
[Round "4.4"]
[White "Juhasz, Kristof"]
[Black "Jovanovic, Dusan D"]
[Result "1-0"]
[WhiteTitle "FM"]
[BlackTitle "IM"]
[WhiteElo "2348"]
[BlackElo "2412"]
[WhiteFideId "738808"]
[BlackFideId "928364"]
[EventDate "2014.08.16"]
[EventType "tourn"]

1. Nf3 Nf6 2. c4 e6 3. g3 b6 4. Bg2 Bb7 5. O-O c5 6. Nc3 d6 7. d4 cxd4 8. Qxd4
a6 9. Bg5 Be7 10. Bxf6 Bxf6 11. Qf4 O-O 12. Rfd1 Be7 13. Ne4 Bxe4 14. Qxe4 Ra7
15. b3 Rc7 16. Nd4 Re8 17. Rd2 Bf8 18. Rad1 Qc8 19. a4 Nd7 1-0

[Event "V Sarkany-Aranytiz IM"]
[Site "Budapest HUN"]
[Date "2014.08.19"]
[Round "4.5"]
[White "Lyell, Mark"]
[Black "Musaev, Rasul"]
[Result "1-0"]
[WhiteTitle "FM"]
[BlackTitle "FM"]
[WhiteElo "2202"]
[BlackElo "2292"]
[WhiteFideId "402354"]
[BlackFideId "24146870"]
[EventDate "2014.08.16"]
[EventType "tourn"]

1. e4 e6 2. d4 d5 3. e5 c5 4. c3 Nc6 5. Nf3 Qb6 6. a3 f6 7. exf6 Nxf6 8. Bd3 c4
9. Bc2 Bd6 10. O-O Bd7 11. Qe2 O-O-O 12. Ne5 Bxe5 13. dxe5 Ng8 14. Nd2 Qc7 15.
f4 g5 16. f5 exf5 17. e6 Be8 18. Nf3 h6 19. Bxf5 Nge7 20. Bc2 Bh5 21. Be3 Rhf8
22. Rae1 Kb8 23. Bf2 Ka8 24. Qe3 Bxf3 25. Bg3 Qc8 26. Rxf3 d4 27. cxd4 Rxf3 28.
gxf3 Nxd4 29. Bf2 Qb8 30. Be4 h5 31. Rd1 Nxe6 32. Rxd8 Nxd8 33. Qxg5 Ndc6 34.
Qxh5 Qg8+ 35. Qg4 Qh8 36. Bxc6 bxc6 37. Qd7 Qg7+ 38. Kf1 1-0

[Event "V Sarkany-Aranytiz IM"]
[Site "Budapest HUN"]
[Date "2014.08.20"]
[Round "5.1"]
[White "Kovacs, Istvan2"]
[Black "Lyell, Mark"]
[Result "0-1"]
[BlackTitle "FM"]
[WhiteElo "2209"]
[BlackElo "2202"]
[WhiteFideId "701890"]
[BlackFideId "402354"]
[EventDate "2014.08.16"]

1. Nf3 d5 2. d4 Nf6 3. c4 e6 4. Bg5 h6 5. Bxf6 Qxf6 6. e3 Nd7 7. Nc3 c6 8. Bd3
g6 9. O-O Bg7 10. e4 dxc4 11. Bxc4 O-O 12. e5 Qe7 13. Re1 Rd8 14. Qe2 Nb6 15.
Bb3 Bd7 16. Ne4 Be8 17. a3 Rac8 18. Rad1 Nd5 19. g3 b6 20. h4 c5 21. dxc5 Bc6
22. cxb6 axb6 23. Nd6 Rxd6 24. exd6 Qxd6 25. Nd4 Bb7 26. Nb5 Qc5 27. Rd2 Rd8 28.
Rc2 Qe7 29. Kh2 Nf4 30. Qg4 Nd3 31. Re3 h5 32. Qe2 Nf4 33. gxf4 Qxh4+ 34. Rh3
Qxf4+ 35. Kg1 Qg5+ 36. Rg3 Qh4 37. Rg2 Qh3 38. f3 Bxf3 39. Qf1 Bxg2 40. Rxg2
Qxb3 41. Rh2 0-1

[Event "V Sarkany-Aranytiz IM"]
[Site "Budapest HUN"]
[Date "2014.08.20"]
[Round "5.2"]
[White "Jovanovic, Dusan D"]
[Black "Feher, Adam"]
[Result "1/2-1/2"]
[WhiteTitle "IM"]
[WhiteElo "2412"]
[BlackElo "2365"]
[WhiteFideId "928364"]
[BlackFideId "739081"]
[EventDate "2014.08.16"]

1. Nf3 Nf6 2. b3 d5 3. Bb2 e6 4. e3 Be7 5. c4 O-O 6. Be2 b6 7. O-O Bb7 8. d3 c5
9. Nbd2 Nc6 10. a3 Rc8 11. Re1 1/2-1/2

[Event "V Sarkany-Aranytiz IM"]
[Site "Budapest HUN"]
[Date "2014.08.20"]
[Round "5.3"]
[White "Galyas, Miklos"]
[Black "Juhasz, Kristof"]
[Result "1/2-1/2"]
[WhiteTitle "IM"]
[BlackTitle "FM"]
[WhiteElo "2427"]
[BlackElo "2348"]
[WhiteFideId "707244"]
[BlackFideId "738808"]
[EventDate "2014.08.16"]

1. c4 e6 2. Nf3 d5 3. d4 Nf6 4. e3 a6 5. Nc3 dxc4 6. a4 c5 7. Bxc4 Nc6 8. O-O
Be7 9. Qe2 cxd4 10. Rd1 e5 11. exd4 exd4 12. Nxd4 Nxd4 13. Qe5 Qd6 14. Qxd6 Bxd6
15. Rxd4 Bc5 16. Rd1 1/2-1/2